WWE Hall Of Fame Class Headliners - Statistiques

Statistiques générales
  • Ce quiz a été pris 48 fois
  • Le résultat moyen est 10 sur 21
Statistiques - réponses
an Inductee Inducted by % Correct
2022 The Undertaker Vince McMahon
91%
2011 Shawn Michaels Triple H
82%
2025 Triple H Shawn Michaels
79%
2012 Edge Christian
76%
2005 Hulk Hogan Sylvester Stallone
68%
2009 Stone Cold Steve Austin Vince McMahon
68%
2007 Dusty Rhodes Cody Rhodes & Dustin Rhodes
65%
2008 Ric Flair Triple H
59%
2023 Rey Mysterio Konnan
56%
2010 Ted Dibiase Ted Dibiase Jr & Brett Dibiase
53%
2021 Kane N/A
47%
2006 Bret Hart Stone Cold Steve Austin
41%
2024 Paul Heyman Roman Reigns
41%
2014 The Ultimate Warrior Linda McMahon
41%
2017 Kurt Angle John Cena
29%
2019 D-Generation X N/A
26%
2015 Randy Savage Hulk Hogan
26%
2018 Goldberg Paul Heyman
18%
2013 Bruno Sammartino Arnold Schwarzenegger
15%
2016 Sting Ric Flair
15%
2020 The New World Order N/A
9%
Aucun quiz correspondant
Distribution des résultats
% des personnes avec chaque résultat
Percentile par nombre de réponses
Votre historique - résultats
Vous n’avez pas pris ce quiz